Đang tải...

Useful plants in India

Chi tiết về thư mục
Tác giả chính: Druray, C H
Định dạng: Printed Book
Ngôn ngữ:Undetermined
English
Được phát hành: London William H Allen 1973
Phiên bản:2
Những chủ đề:
LEADER 00586nam a2200193Ia 4500
008 140306s9999 xx 000 0 und d
041 |a eng 
082 |a 581.6  |b DRU/US 
100 |a Druray, C H 
245 |a Useful plants in India 
250 |a 2 
260 |a London  |b William H Allen  |c 1973 
300 |a 512 
365 |b Rs .170.00 
650 |a Economic botany 
650 |a Medicinal Plants 
942 |2 ddc  |c BK 
999 |c 120284  |d 120284 
952 |0 0  |1 0  |2 ddc  |4 0  |6 581_600000000000000_DRUUS  |7 0  |9 119535  |a KAUHCV  |b KAUHCV  |d 2002-05-06  |g 170.00  |o 581.6 DRU/US  |p KAU_HCV-6747  |r 2014-03-22  |w 2014-03-22  |y BK